Ecuaciones diferenciales con aplicaciones
Guardat en:
| Autors principals: | , |
|---|---|
| Format: | Llibre |
| Idioma: | espanyol |
| Publicat: |
Ciudad de México
Fondo Educativo Interamericano
1984
|
| Matèries: | |
| Etiquetes: |
Afegir etiqueta
Sense etiquetes, Sigues el primer a etiquetar aquest registre!
|
MARC
| LEADER | 00000nam a2200000 a 4500 | ||
|---|---|---|---|
| 001 | UCW0897 | ||
| 003 | CL-VaPUC | ||
| 008 | 900109e19840000MX |||||||||||||||||spa|d | ||
| 082 | 0 | 4 | |a 515.35 |b DER |2 21 |
| 100 | 0 | |a Derrick, William R |e author |9 304819 | |
| 700 | |a Grossman S., Stanley I |e author |9 552075 | ||
| 245 | 1 | 0 | |a Ecuaciones diferenciales con aplicaciones |
| 300 | |a 642 p | ||
| 942 | |c BK | ||
| 945 | |d 19900109 00:00:00 |a mfernand | ||
| 260 | |a Ciudad de México |b Fondo Educativo Interamericano |c 1984 | ||
| 650 | 0 | |a Ecuaciones diferenciales |9 260083 | |
| 583 | |a last modification |c 20171130 16:21:12 |k Rodrigo Vera | ||
| 999 | |c 215922 |d 215920 | ||
| 952 | |0 0 |1 0 |4 0 |6 515_350000000000000_DER_1984 |7 0 |8 A |9 201149 |a BIBMAT |b BIBMAT |d 2019-11-14 |i 2683369 |o 515.35 DER 1984 |p 2683369 |r 2025-01-07 |w 2019-11-14 |y BK |k MAT | ||
| 952 | |0 0 |1 0 |4 0 |6 515_350000000000000_DER_1984 |7 0 |8 A |9 201154 |a BIBMAT |b BIBMAT |d 2019-11-14 |i 2683423 |o 515.35 DER 1984 |p 2683423 |r 2025-01-07 |w 2019-11-14 |y BK |k MAT | ||
| 952 | |0 0 |1 0 |4 0 |6 515_350000000000000_DER_1984 |7 0 |8 A |9 201157 |a BIBMAT |b BIBMAT |d 2019-11-14 |i 2683466 |l 1 |o 515.35 DER 1984 |p 2683466 |r 2025-01-07 |s 2024-08-22 |w 2019-11-14 |y BK |k MAT | ||
| 952 | |0 0 |1 0 |4 0 |6 515_350000000000000_DER_1984 |7 0 |8 A |9 201158 |a BIBMAT |b BIBMAT |d 2019-11-14 |i 2683482 |o 515.35 DER 1984 |p 2683482 |r 2025-01-07 |w 2019-11-14 |y BK |k MAT | ||
| 952 | |0 0 |1 0 |4 0 |6 515_350000000000000_DER_1984 |7 0 |8 A |9 201160 |a BIBMAT |b BIBMAT |d 2019-11-14 |i 309507K |o 515.35 DER 1984 |p 309507K |r 2025-01-07 |w 2019-11-14 |y BK |k MAT | ||